La educación popular en américa latina /
Guardado en:
| Autor Principal: | |
|---|---|
| Formato: | Libro |
| Publicado: |
Bah¡a Blanca :
Kapelusz,
1984
|
| Materias: | |
| Etiquetas: |
Agregar Etiqueta
Sin Etiquetas, Sea el primero en etiquetar este registro!
|
| LEADER | 00594nam a22002055a 4500 | ||
|---|---|---|---|
| 001 | CEM.cems006942 | ||
| 005 | 20060214000000.0 | ||
| 008 | 130507s1984##################000#0#####d | ||
| 003 | CEMS | ||
| 082 | 0 | 4 | |a 370.980 |
| 100 | 1 | |a Parra, Rodrigo | |
| 245 | 1 | 0 | |a La educación popular en américa latina / |
| 260 | |a Bah¡a Blanca : |b Kapelusz, |c 1984 | ||
| 300 | |a 127 p. | ||
| 653 | |a America latina-educacion | ||
| 653 | |a Educacion | ||
| 653 | |a Educacion comparada | ||
| 653 | |a Educacion latinoamericana | ||
| 653 | |a Educacion popular | ||
| 859 | |a CEMS |b BIB. CEMS - 11 de abril |h 370.980 |i P247 |p 13380.85 |t Ej.1 | ||
